| 000 | 00568nam a2200157 a 4500 | ||
|---|---|---|---|
| 008 | 120416s1984 ||||||||||||||||| || u | ||
| 020 | _a0131101307 | ||
| 050 | _aTS 155.6 Gro | ||
| 100 | _aGroover, Mikell P | ||
| 245 | 1 | 0 | _aCAD/CAM: computer-aided design and manufacturing |
| 260 |
_aEnglewood Cliffs _bFT Prentice-Hall _c1984 |
||
| 300 | _axix, 489p. : ill. | ||
| 350 | _a0.00 | ||
| 650 | _aCAD/CAM SYSTEMS | ||
| 995 |
_D0.00 _FCBU-MAIN LIBRARY (Kitwe) _H1 _I34.95 _UAVAILABLE _ZMain Library Open Access Collection |
||
| 999 |
_c36576 _d36576 |
||